| 000 | 00529nam a2200193Ia 4500 | ||
|---|---|---|---|
| 003 | GCL | ||
| 008 | 140319s9999 xx 000 0 eng d | ||
| 040 |
_aGCL / _cGCL |
||
| 082 | 0 | 4 |
_a301 _bS A |
| 100 | 1 | _aSAAD EDDIN IBRAHIM | |
| 245 | 1 | 0 |
_aARAB SOCIETY: SOCIAL SCIENCE PERSPECTIVES / _cSAAD EDDIN IBRAHIM |
| 700 | 1 | _aHOPKINS, NICHOLAS S. | |
| 260 |
_a[S.N] : _bTHE AMERICAN UNIVERSITY IN CAIRO PRESS ، _c1994 |
||
| 300 | _a507 P | ||
| 650 | 0 | 4 | _aSOCIAL SCIENCE |
| 650 | 0 | 4 | _aESSAYS |
| 650 | 0 | 4 | _aSOCIETY |
| 942 |
_2ddc _cBK |
||
| 999 |
_c14455 _d14455 |
||